000
00297nam a22001217a 4500
082
_a
891.4391 AMJ
100
_a
AMJAD ISLAM AMJAD
_9
9447
245
_a
KALAY LOGOON KI ROSHAN NAZMAIN
260
_a
LAHORE
_b
JANG PUBLISHER
_c
1991
300
_a
96P
650
_a
URDU ADAB-POETRY
_9
28226
942
_c
BK
999
_c
582329
_d
582329